Najbardziej zaludnione kraje jako procent ich kontynentu - Statystyki

Ogólne statystyki
  • Ten quiz został rozwiązany 31 razy
  • Średni wynik to 15 z 20
Statystyki odpowiedzi
% Odpowiedź % Poprawnych
30.1 Chiny
96%
29.9 Indie
96%
56.9 Stany Zjednoczone
88%
49.2 Brazylia
83%
11.5 Niemcy
79%
10.4 Argentyna
75%
58.5 Australia
75%
9.0 Francja
75%
11.8 Kolumbia
75%
21.3 Meksyk
75%
15.3 Nigeria
75%
15.4 Rosja
75%
9.4 Wielka Brytania
75%
8.2 Włochy
75%
11.6 Nowa Zelandia
63%
7.0 Demokratyczna Republika Konga
58%
7.7 Egipt
58%
8.7 Etiopia
58%
22.8 Papua-Nowa Gwinea
58%
7.8 Peru
54%
Nie znaleziono quizów pasujących do podanych kryteriów
Rozkład punktacji
Procent ludzi z każdym wynikiem
Percentyl według liczby udzielonych odpowiedzi
Twoja historia wyników
Nie rozwiązałeś tego quizu